00907nam a2200265 a 4500001001000000003000900010005001700019008002900036010000600065040002200071082002800093100003000121245014200151250000600293260003000299300002400329490003600353500007400389650002600463650003800489651004100527700003200568700003500600710000600635000006221DO-SdBNP20240123075054.0090827s1968 mx a 001 0 spa d a  aBPMSUbspacBPMSU a301.451bG493n 19682221 aGinzberg, Eli, d1911-e 13aEl negro y la democracia norteamericana /c Eli Ginzberg y Alfred S. Eichner ; traducción al español por Margarita Alvarez Franco.b  a  aMéxico : bUteha,c1968 a304 p. ;c24 cm.b 0 aBiblioteca "UTEHA" de historia  3Incluye referencias bibliográficas y notas al pie de las páginas  4aNegros xHistoria  4aSegregación contra los negros.  4aEstados Unidos xProblemas raciales.1 aEichner, Alfred S. eautor 1 aAlvarez Franco, Margaritaetr. 4